00739nam a2200229 a 4500008004100000020003200041040002500073041001300098044001100111080001000122100002400132245012100156250001300277260004900290300002800339490002000367500001000387700003000397700002800427700003100455700002300486951212s1976||||[C 0 slo c c19 Kčs. q(30000 výtl.) aSNKbslocSNKeAACR21 aslohfre axocSK a840-31 aMRIME, Prosper4aut10aKronika vlády Karola 9cProsper MRIME ; Prosper Mérimée, Michal Chorváth, Ludmila Chytilková, Peter Cibula a2., vyd. aBratislavabTatranc1976eVimperkfStráž a245 s., 11,80 AHc21 cm0 aMeteor. Zv. 75. aPozn.1 aMérimée, Prosper4aut1 aChorváth, Michal4trl1 aChytilková, Ludmila4oth1 aCibula, Peter4oth